000
00276nam a22001217a 4500
008
181019b xxu||||| |||| 00| 0 eng d
041
_a
eng
080
_a
701
100
_a
45
101
_a
ART
245
_a
The World of Michelangelo 1475-1564
_c
Coughlan, R
942
_2
udc
_c
BK
999
_c
50269
_d
50269